| 000 | 00675nam a2200229 a 4500 | ||
|---|---|---|---|
| 001 | BRCA_4535 | ||
| 005 | 20190320204716.0 | ||
| 008 | 220910s190u----gw-#######---#000-0#ger-# | ||
| 041 | _ager | ||
| 044 | _agw | ||
| 050 | 4 |
_aNK1125 _b.M49 1902 |
|
| 100 | 1 |
_aMeyer, Hermann _911491 |
|
| 245 | 1 | 0 |
_aAus Meiner Kuriosen-Sammlung _cvon Hermann Meyer. |
| 260 |
_aHannover, Alemania _bHelwingiche Verlagsbuchhandlung _c[1902] |
||
| 300 |
_a83 p. _c22 cm. |
||
| 500 | _aEstado físico: encuadernación desprendida y deteriorada | ||
| 500 | _aD8 | ||
| 650 | 1 | 4 |
_aArte _xAntigüedades _911492 |
| 650 | 1 | 4 |
_aArte _xColeccionistas y colecciones _97445 |
| 902 | _aGFM | ||
| 942 |
_2lcc _cB |
||
| 999 |
_c4241 _d4241 |
||